Taschenatlas Europäische Union

Enregistré dans:
Détails bibliographiques
Format: Livre
Langue:allemand
Publié: Gotha und Stuttgart Klett-Pethers Verlag 2004
Sujets:
Tags: Ajouter un tag
Pas de tags, Soyez le premier à ajouter un tag!

MARC

LEADER 00000nam$a2200000$$$4500
001 0026473
005 20240116140915.2
020 |a 3-623-00022-1 
041 0 |a ger 
044 |a DE 
245 1 0 |a Taschenatlas Europäische Union 
264 1 |a Gotha und Stuttgart  |b Klett-Pethers Verlag  |c 2004 
300 |a 237 s. 
610 2 0 |a Európska únia 
610 2 0 |a Európa